Fr. Conceicao Rodrigues College of Engineering

Statistical Methods for Six sigma in R&D and manufacturing (Record no. 25152)

MARC details
000 -LEADER
fixed length control field 00360nam a2200145Ia 4500
082 ## - DEWEY DECIMAL CLASSIFICATION NUMBER
Classification number 658.406/JOG
Item number JOG
100 ## - MAIN ENTRY--PERSONAL NAME
Personal name Joglekar/Anand M
245 ## - TITLE STATEMENT
Title Statistical Methods for Six sigma in R&D and manufacturing
260 ## - PUBLICATION, DISTRIBUTION, ETC.
Name of publisher, distributor, etc. Wiley Interscience
Place of publication, distribution, etc. New Jersey
Date of publication, distribution, etc. 2003
366 ## - TRADE AVAILABILITY INFORMATION
Publishers's discount category 10
300 ## - PHYSICAL DESCRIPTION
Extent 321
546 ## - LANGUAGE NOTE
Language note ENGLISH
654 ## - SUBJECT ADDED ENTRY--FACETED TOPICAL TERMS
Focus term statistical
942 ## - ADDED ENTRY ELEMENTS (KOHA)
Koha item type Reference Book
Holdings
Withdrawn status Lost status Damaged status Not for loan Collection Home library Current library Shelving location Date acquired Source of acquisition Cost, normal purchase price Total Checkouts Full call number Barcode Date last seen Date last checked out Cost, replacement price Price effective from Koha item type
        CRC Fr. Agnel's C.Rodrigues College of Engineering Fr. Agnel's C.Rodrigues College of Engineering   17/03/2023 Technical Bureau India 4808.00 1 658.406/JOG JOG 16700 25/11/2025 19/09/2025 4818.00   Reference Book